000 00295nam a2200085Ia 4500
245 0 _aMurder in paradise the mystery surrounding the murder of American Lois Livinstons McMillen
100 _a PULITZER, Lisa New York, 2003
_978339
942 _cBK
008 210817s9999 xx 000 0 und d
999 _c270522
_d270519